[Event "Quebec-ch U20"]
[Site "Montreal"]
[Date "2006.01.08"]
[Round "5"]
[White "Ramaswamy, Kishor"]
[Black "Lemire Paquin, Alexandre"]
[Result "0-1"]
[WhiteElo "2103"]
[BlackElo "1979"]
[PlyCount "146"]
[EventDate "2006.01.06"]
[EventType "tourn"]
[EventRounds "5"]
[EventCountry "CAN"]
[SourceTitle "EXT 2007"]
[Source "ChessBase"]
[SourceDate "2006.11.23"]
[SourceVersion "1"]
[SourceVersionDate "2006.11.23"]
[SourceQuality "1"]

1. d4 Nf6 2. Nf3 d6 3. Bg5 Nbd7 4. Nbd2 h6 5. Bh4 g5 6. Bg3 Nh5 7. c3 Bg7 8. e4 e6 9. Bd3 Qe7 10. Qe2 Ndf6 11. Nf1 Bd7 12. Ne3 0-0-0 13. e5 Ng8 14. 0-0-0 f5 15. exf6 Ngxf6 16. Nf5 Qf8 17. Nxg7 Qxg7 18. Nd2 Nxg3 19. hxg3 Rde8 20. Rde1 e5 21. dxe5 Rxe5 22. Qd1 Ng4 23. Rhf1 Rf8 24. Nf3 Rxe1 25. Qxe1 Qf7 26. a3 Bc6 27. Be2 Bxf3 28. Bxf3 Nh2 29. Rh1 Nxf3 30. gxf3 Qxf3 31. Rxh6 Qxf2 32. Qxf2 Rxf2 33. Rg6 Rf5 34. Rg7 b5 35. g4 Rc5 36. Kc2 Kb7 37. Kd3 a5 38. b3 b4 39. axb4 axb4 40. c4 Ra5 41. Kd4 Kc6 42. Rg8 Kb7 43. Rg6 Re5 44. Kd3 Kb6 45. Rg7 c5 46. Rd7 Kc6 47. Rg7 d5 48. Rg6+ Kd7 49. cxd5 Rxd5+ 50. Ke3 Re5+ 51. Kd3 Ke7 52. Rc6 Kf7 53. Rc7+ Ke6 54. Rc6+ Kd7 55. Rg6 Kc7 56. Rg7+ Kb6 57. Rg6+ Kb5 58. Rg8 Rd5+ 59. Ke3 Rd1 60. Rb8+ Kc6 61. Rc8+ Kb6 62. Rb8+ Kc7 63. Rg8 Rb1 64. Rxg5 Rxb3+ 65. Kd2 Kb6 66. Rg8 Rg3 67. g5 Kb5 68. Ke2 Kc4 69. Kf2 Rd3 70. g6 Rd7 71. g7 b3 72. Ke2 b2 73. Rb8 Rxg7 0-1